000 00356 a2200169 4500
001 175277
020 _a85-08-02458-4
040 _cMagnum
100 _aAndrade, Joaquim Correia de
240 1 0 _aSecas no nordeste
_lpor
245 1 0 _aSecas no nordeste
300 _a32
362 0 _a1991
440 1 _aÁtica
697 _aMISCELÂNEA
942 _cBK
999 _c175277
_d175277